Proceedings of the Annual Meeting of International Law

Detalles Bibliográficos
Autores Corporativos: American Society of International Law. Meeting, American Society of International Law
Formato: Desconocido
Lenguaje:inglés
Publicado: Washington D.C. : American Society of International Law
Materias:
Acceso en línea:Acceso restringido

MARC

LEADER 00000ny a22000003n 4500
005 20110512105627.0
006 m r p s | a0
007 cr cnu---m|a|a
008 091216s us 000 eng d
010 |a 97660625   |a sc 80001155   |a 10003581 
022 |a 0002-9300 
022 |a 0272-5037 
035 |a 3182 
040 |a SpMaUCDE  |d vLex 
080 |a 340 (05) 
090 |c 1739  |d 1739 
110 2 |a American Society of International Law.  |b Meeting. 
245 1 0 |a Proceedings of the Annual Meeting of International Law  |h [Recurso electrn̤ico] 
246 3 3 |a Proceedings of the anniversary convocation 
256 |a Servicio en ln̕ea 
260 |a Washington D.C. :  |b American Society of International Law 
310 |a Anual 
506 1 |a Contenido solo disponible en los productos indicados  |d vLex Global  |d vLex Global (Academic Edition, excluding Law Schools)  |d vLex Global (Academic Edition, Law Schools) 
610 2 4 |a American Society of International Law  |x Publicaciones perid̤icas 
650 0 4 |a Derecho internacional  |x Publicaciones perid̤icas 
710 2 |a American Society of International Law 
740 0 |a vLex Revista (Servicios en ln̕ea) 
843 |a Electrn̤ica. Abierta 
853 |8 1  |i (year)  |j (month)  |k (day) 
856 4 0 |z Acceso restringido  |u http://vlex.com/account/login_ip?fuente_id=3182  
942 |c REV 
999 0 4 |a Derecho 
999 0 4 |a American Society of International Law  |v Congresses. 
999 0 4 |a American Society of International Law  |b Congrs̈.